Statistiques concernant Messi vs Ronaldo

Cliquez ici pour prendre le quiz!

Statistiques générales

  • Ce quiz a été pris 411 fois
  • Le résultat moyen est 8 sur 10

Statistiques - réponses

QuestionRéponse% Correct
Qui a remporté de plus de Ligue des Champions ?Ronaldo
97%
Qui est le plus suivie sur Instagram ?Ronaldo
95%
Qui a le plus de buts sur une année civile ?Messi
91%
Qui a le plus de buts en carrière ?Ronaldo
91%
Qui a marqué le plus de buts en coupe du monde ?Messi
90%
Qui a le plus de trophées ?Messi
88%
Qui détient le record du plus grand nombre de matches disputés en UEFA Champions League ?Ronaldo
88%
Qui est le recordman de buts dans l’histoire du Clásico ?Messi
82%
Qui a le plus de buts en finales ( toutes compétitions confondues ) ?Ronaldo
54%
Qui est le GOATRonaldo
38%

Distribution des résultats

Percentile par nombre de réponses

% des personnes avec chaque résultat

Votre développement - résultats

Vous n’avez pas pris ce quiz